000 00799nam a2200253Ia 4500
003 OSt
005 20220923210952.0
006 a|||||r|||| 00| 0
007 ta
008 Pun
020 _a8126024011 (hbk)
024 _a235,009
037 _cTextual
040 _aARTS
_cARTS
_bPun
041 _2Pun
_aPun
082 _aO153,1xN, P6
100 _aਨੂਰ, ਸੁਤਿੰਦਰ ਸਿੰਘ, ਥਦ.
_9156663
245 0 _aਵੀਹਵੀ੍ਵ ਸਦੀ ਦਾ ਪੰਜਾਬੀ ਕਾਵਿ
260 _aਦਿੱਲੀ
_b ਸਾਹਿਤ ਅਕਾਦੇਮੀ
_c2006
300 _a275ਪੰ
_ccm.
650 _aਪੰਜਾਬੀ ਸਾਹਿਤ
942 _hO153,1xN, P6
_cTEXL
_2CC
999 _c293286
_d293286